000 00328nam a22001457a 4500
008 230324b ||||| |||| 00| 0 eng d
020 _a9781451194258
041 _aeng
080 _2FIFTH EDITION
_a61
082 _a61BOR
100 _a4
101 _aMJEKSI
245 _aSINGS &SYMPTOMS
_cANDREA BORCHERS
942 _2udc
_cBK
999 _c59451
_d59451